যুদ্ধপূর্ব বাঙলাদেশ / (Record no. 2126)
[ view plain ]
| 000 -LEADER | |
|---|---|
| fixed length control field | 00960nam a2200265 4500 |
| 001 - CONTROL NUMBER | |
| control field | 2126 |
| 003 - CONTROL NUMBER IDENTIFIER | |
| rucl marc code | BD-RjUL |
| 005 - DATE AND TIME OF LATEST TRANSACTION | |
| control field | 20211208233504.0 |
| 008 - FIXED-LENGTH DATA ELEMENTS--GENERAL INFORMATION | |
| fixed length control field | 150509s1981 bg a 000 0 ben |
| 020 ## - INTERNATIONAL STANDARD BOOK NUMBER | |
| Terms of availability | : Tk. 37.00 |
| 035 ## - SYSTEM CONTROL NUMBER | |
| System control number | (BD-RjUL)2153 |
| 040 ## - CATALOGING SOURCE | |
| Original cataloging agency | BD-RjUL |
| Transcribing agency | BD-RjUL |
| Modifying agency | BD-RjUL |
| Language of cataloging | ben |
| 041 ## - LANGUAGE CODE | |
| Language code of text/sound track or separate title | ben |
| 082 ## - DEWEY DECIMAL CLASSIFICATION NUMBER | |
| Classification number | 954.9204 |
| Author mark and year | UMJ 1981 |
| 100 ## - MAIN ENTRY--PERSONAL NAME | |
| Personal name | উমর, বদরুদ্দীন |
| 9 (RLIN) | 116667 |
| 245 10 - TITLE STATEMENT | |
| Title | যুদ্ধপূর্ব বাঙলাদেশ / |
| Statement of responsibility, etc. | বদরুদ্দীন উমর |
| 250 ## - EDITION STATEMENT | |
| Edition statement | ২য়.সং. |
| 260 ## - PUBLICATION, DISTRIBUTION, ETC. (IMPRINT) | |
| Place of publication, distribution, etc. | ঢাকা : |
| Name of publisher, distributor, etc. | মুক্তধারা, |
| Date of publication, distribution, etc. | ১৯৮১ |
| 300 ## - PHYSICAL DESCRIPTION | |
| Pagination | ৩৩৯ পৃ. ; |
| Size | ২১ সেমি. |
| 650 ## - SUBJECT ADDED ENTRY--TOPICAL TERM | |
| Topical term or geographic name as entry element | বাংলাদেশ -যুদ্ধপূর্ব |
| 9 (RLIN) | 116668 |
| Topical term or geographic name as entry element | Bangladesh --Pre-war |
| 9 (RLIN) | 116669 |
| 856 42 - ELECTRONIC LOCATION AND ACCESS | |
| Materials specified | Publisher description |
| Uniform Resource Identifier | <a href="http://www.loc.gov/catdir/enhancements/fy0650/00027142-d.html">http://www.loc.gov/catdir/enhancements/fy0650/00027142-d.html</a> |
| 942 ## - ADDED ENTRY ELEMENTS (KOHA) | |
| Source of classification or shelving scheme | Dewey Decimal Classification |
| Koha item type | Books |
| Lost status | Source of classification or shelving scheme | Damaged status | Not for loan | Collection code | Permanent Location | Current Location | Shelving location | Date acquired | Source of acquisition | Cost, normal purchase price | Total Checkouts | Full call number | Date last seen | Copy number | Koha item type | Date checked out |
|---|---|---|---|---|---|---|---|---|---|---|---|---|---|---|---|---|
| Dewey Decimal Classification | Non-fiction | Central Library, University of Rajshahi | Central Library, University of Rajshahi | 25/07/1984 | আলীগড় লাইব্রেরী | 37.00 | B 954.9204 UMJ 1981 | 07/05/2015 | C-2 | Books | ||||||
| Dewey Decimal Classification | Non-fiction | Central Library, University of Rajshahi | Central Library, University of Rajshahi | 17/06/1982 | আলীগড় লাইব্রেরী | 37.00 | 2 | B 954.9204 UMJ 1981 | 13/02/2017 | C-3 | Books | 25/01/2017 | ||||
| Dewey Decimal Classification | Not For Loan | Non-fiction | Central Library, University of Rajshahi | Central Library, University of Rajshahi | Reading Room | 17/06/1982 | আলীগড় লাইব্রেরী | 37.00 | B 954.9204 UMJ 1981 | 07/05/2015 | C-1 | Books | ||||
| Dewey Decimal Classification | Non-fiction | Central Library, University of Rajshahi | Central Library, University of Rajshahi | 25/07/1984 | Book Association, Dhaka University | 37.00 | 3 | B 954.9204 UMJ 1981 | 27/01/2019 | C-4 | Books | 10/01/2019 | ||||
| Dewey Decimal Classification | Non-fiction | Central Library, University of Rajshahi | Central Library, University of Rajshahi | 25/07/1984 | DUL, Dhaka | 37.00 | B 954.9204 UMJ 1981 | 30/04/2017 | C-5 | Books | ||||||
| Dewey Decimal Classification | Non-fiction | Central Library, University of Rajshahi | Central Library, University of Rajshahi | 17/06/1982 | Aligorh Library, Dhaka | 37.00 | B 954.9204 UMJ 1981 | 15/05/2017 | C-6 | Books |